[Event "Canadian op U1600"]
[Site "Windsor"]
[Date "2016.07.12"]
[Round "3.46"]
[White "Kubik, Rob"]
[Black "Su, Ethan"]
[Result "0-1"]
[WhiteElo "1571"]
[BlackElo "1106"]
[PlyCount "36"]
[EventDate "2016.07.10"]
[EventType "swiss"]
[EventRounds "9"]
[EventCountry "CAN"]
[SourceTitle "EXT 2022"]
[Source "ChessBase"]
[SourceDate "2021.10.06"]
[SourceVersion "1"]
[SourceVersionDate "2021.10.06"]
[SourceQuality "1"]

1. d4 Nf6 2. Bf4 g6 3. Nf3 Bg7 4. e3 0-0 5. Be2 d6 6. Nbd2 Re8 7. c3 Nbd7 8. Nb3 b6 9. h4 Nh5 10. Bg3 e5 11. dxe5 dxe5 12. Nfd2 Nxg3 13. fxg3 Bb7 14. e4 Nf6 15. Bf3 Qd3 16. Nc1 Qe3+ 17. Ne2 Nxe4 18. Nf1 Qf2# 0-1